00652nam a22002057a 450000500170000001000130001702000260003003500130005603700160006904000120008508200170009710000140011424500770012826000520020527000770025730000260033450000330036065000280039365000250042120170124105955.0 aB-220663 c350.00a9788175344761 aB-220663 bCen Lib/Ret aDPLbEN a323.445bDAS aDas, P.K. aUniverasl's handbook on the right to information act 2005 /cby P.K. Das aNew Delhi bUniversal Law Publishing Co. c2005 aC-FF-1A, dilkush industrial estate, GT, karnal road bNew Delhi e110033 axiv, 460p.c22cm(pbk) aIncludes appendix and index  aLegislation vHandbooks aRight to information